LEADER 00980nam0-22003371i-450- 001 990003217250403321 005 20140324142028.0 035 $a000321725 035 $aFED01000321725 035 $a(Aleph)000321725FED01 035 $a000321725 100 $a20030910d1973----km-y0itay50------ba 101 0 $aita 102 $aIT 200 1 $a<>teoria dell'espansione dell'impresa$fEdith T.Penrose$gtraduzione italiana di Maria Teresa Bruno. 210 $aMilano$cFranco Angeli$d\copyr.\\1973. 215 $a345 p.$d21 cm 300 $a[Tit.orig.: The Theory of the Growth of the Firm] 676 $aG/3.30 676 $aG/3.31 676 $aG/3.340 702 1$aPenrose,$bEdith Tilton$f<1914- > 801 0$aIT$bUNINA$gRICA$2UNIMARC 901 $aBK 912 $a990003217250403321 952 $aISVE L2.6$fDECTS 952 $aG/3.30 PEN$b6171/I$fSES 959 $aDECTS 959 $aSES 996 $aTeoria dell'espansione dell'impresa$9455501 997 $aUNINA LEADER 01690nam 2200385 n 450 001 996390432703316 005 20200824121447.0 035 $a(CKB)4940000000100630 035 $a(EEBO)2248551731 035 $a(UnM)99833740e 035 $a(UnM)99833740 035 $a(EXLCZ)994940000000100630 100 $a19960208d1664 uy | 101 0 $aeng 135 $aurbn||||a|bb| 200 10$aInnocency, though under a cloud, cleared$b[electronic resource] $eBy P.H. a poor prisoner, when almost sunk under pretended friends censures in the day of his sufferings. And also, a discovery of the comforts that attends innocency in a prison. As also, twenty four usefull particulars left by him for his children and friends, and being left in a friends hand for his relations, I could not but make them publick; judging it will be no loss to the author, and great gain to the reader, and justly give offence to none 210 $aLondon $c[s.n.]$dprinted in the year, 1664 215 $a[24], 151, [1] p 300 $aP.H. = Paul Hobson. 300 $aWith a tabled of contents and errata. 300 $aCopy trimmed and tightly bound. 300 $aReproduction of the original in the Dr. Williams' Library, London. 330 $aeebo-0037 606 $aPrisoners' writings, English$vEarly works to 1800 606 $aChristian literature$vEarly works to 1800 615 0$aPrisoners' writings, English 615 0$aChristian literature 700 $aHobson$b Paul$0141223 801 0$bCu-RivES 801 1$bCu-RivES 801 2$bWaOLN 906 $aBOOK 912 $a996390432703316 996 $aInnocency, though under a cloud, cleared$92321859 997 $aUNISA LEADER 01528nam 2200457 450 001 9910823759703321 005 20230807212916.0 010 $a2-335-16871-1 035 $a(CKB)3710000000853842 035 $a(EBL)4679147 035 $a(MiAaPQ)EBC4679147 035 $a(Au-PeEL)EBL4679147 035 $a(CaPaEBR)ebr11265949 035 $a(OCoLC)958574079 035 $a(EXLCZ)993710000000853842 100 $a20200121d2015 uy 0 101 0 $afre 135 $aur|n|---||||| 181 $ctxt$2rdacontent 182 $cc$2rdamedia 183 $acr$2rdacarrier 200 10$aConversation chez la Comtesse d'Albany (L'Art de la guerre) $eSuivie d'un opuscule anonyme publie? a? Berlin et qui parai?t avoir servi de mode?le a? cet e?crit ce?le?bre /$fPaul-Louis Courier 210 1$a[Place of publication not identified] :$cE?ditions Ligaran,$d[2015] 210 4$dİ2015 215 $a1 online resource (33 p.) 225 0 $aLivre nume?rique 300 $aDescription based upon print version of record. 327 $aPage de titre; Pre?face; Conversation chez la Ctesse d'Albany; Home?re; Page de Copyright 606 $aWar 606 $aConversation 615 0$aWar. 615 0$aConversation. 676 $a355.02 700 $aCourier$b Paul-Louis$0183582 801 0$bMiAaPQ 801 1$bMiAaPQ 801 2$bMiAaPQ 906 $aBOOK 912 $a9910823759703321 996 $aConversation chez la Comtesse d'Albany (L'Art de la guerre)$94089436 997 $aUNINA